Treffpunkt Ostpreußen
| Titel: | Treffpunkt Ostpreußen : Ingo Schulze und Johannes Bobrowski / Innokenty Urupin |
|---|---|
| Verfasser: | |
| In: |
Zeit aus Schweigen, (2009), Seite 267-274 alle Artikel anzeigen |
| Veröffentlicht: | 2009 |
| Format: | Aufsatz |
| Sprache: | Deutsch |
X
alg: 22356653 001A $04504:26-05-10 001B $04504:26-09-19 $t09:02:39.000 001C $04504:26-05-10 $t12:59:08.000 001D $04504:26-05-10 001U $0utf8 001X $00 002@ $0Aou 003@ $0223566535 007A $0223566535 $aHEB 010@ $ager 011@ $a2009 021A $aTreffpunkt Ostpreußen $dIngo Schulze und Johannes Bobrowski $hInnokenty Urupin 028A $#Urupin, Innokentij $7 $8Urupin, Innokenty [Tnx] $9171903129 031A $h267-274 $j2009 039B $aIn $8--Aau--. Zeit aus Schweigen. - München : Meidenbauer, 2009. - 451 S.. - Ill., graph. Darst., Kt., Notenbeisp.. - ISBN 978-3-89975-119-2 $x200900000000000733 $9219917744 044K $#Bobrowsky, Johannes $#Bobrovskis, Johanesas $#Bobrovskij, Iogannes $#Bobrowski, Johannes Konrad Bernhard $#Bobṛuvskī, Johannis $#בוברובסקי, יוהאנס $7118512161 $8Bobrowski, Johannes$Z1917-1965 [Tp1] $9093003943 044K $#Schulze, Ingo $#Sultse, Innko $#Šulce, Ingo $#Šulʹce, Ingo $#Schulze, İngo $#Shulze, Ingo $#Šūltsa, Inǧū $#Šūltsah, Inǧū $#Shūlitsah, Injū $#Šūlitsah, Inǧū $#Ying guo Shu er ce $#Yingguo-Shuerce $#Shuerce, Yingguo $#슐체, 잉고 $#שולצה, אינגו $7120526107 $8Schulze, Ingo$Z1962- [Tp1] $9095001697 044K $RGrimmling, Hans Hendrik $R505583852 $#Dreiunddreißig Augenblicke des Glücks $#33 Augenblicke des Glücks : aus den abenteuerlichen Aufzeichnungen der Deutschen in Piter $#DE-Mar1 $#33 trenutkov srece $#33 de clipe de fericire $#Mutlulugun 33 ani $#A @boldogság 33 pillanata $#33 mgnienia szcześcia $#33 rig'ê ôšer $#33 trenutka srece $#33 attimi di felicità $#33 momentos de felicidad $#33 moments de bonheur $#33 õnnehetke $#33 stigmes eutychias $#33 moments of happiness $#33 ogenblikken van geluk $#Schulze, Ingo $#095001697 $77847793-1 $8Schulze, Ingo$Z1962- [Tp1]$a33 Augenblicke des Glücks [Tu1] $9287027546 045V $aBobrowski, Johannes $818.14.00$jZu einzelnen Autoren [Tkx] $911884380X 045V $aSchulze, Ingo $819.13.00$jZu einzelnen Autoren [Tkx] $9118843869 lok: 22356653 62 exp: 22356653 62 1 #EPN 201B/01 $029-11-13 $t12:54:50.000 201U/01 $0utf8 203@/01 $0593369203 206W/01 $0perSW-5 29.11.2013 12:54:50 208@/01 $a26-05-10 $be 209A/01 $a/ $f000 $x00 209B/01 $a2010 $x05 247C/01 $8Frankfurt, Bibliographie der Deutschen Sprach- und Literaturwissenschaft $9113214561 lok: 22356653 78 exp: 22356653 78 1 #EPN 201B/01 $011-07-22 $t15:11:42.000 201C/01 $011-07-22 201U/01 $0utf8 203@/01 $01206451750 208@/01 $a11-07-22 $be 209A/01 $a/ $f000 $x00 209A/01 $ab*p $x01 220C/01 $apgar 244Z/01 $#Preußen $#Preußen $#Brandenburg-Preußen $#Königreich Preußen $#Preußische Staaten $#Preußischer Staat $#Der @Preußische Staat $#Königlich Preußische Staaten $#Prusy Królewskie $#Königlich Preußen $#Prussia $74047194-9 $8--Tg1--Preußen $x01 $9085131652 247C/01 $82080>Marburg/Lahn, Herder-Institut, Forschungsbibliothek, Bibliographieportal $9336309341
| LEADER | 00000caa a2200000 c 4500 | ||
|---|---|---|---|
| 001 | 223566535 | ||
| 003 | DE-603 | ||
| 005 | 20190926090239.0 | ||
| 007 | tu | ||
| 008 | 100526s2009 xx |||| | u00||u|ger c | ||
| 035 | |a (DE-599)HEB223566535 | ||
| 040 | |a DE-603 |b ger |c DE-603 |d DE-603 | ||
| 041 | |a ger | ||
| 100 | 1 | |a Urupin, Innokenty |0 (DE-603)171903129 | |
| 245 | 0 | 0 | |a Treffpunkt Ostpreußen |b Ingo Schulze und Johannes Bobrowski |c Innokenty Urupin |
| 264 | 0 | |c 2009 | |
| 600 | 1 | 7 | |a Bobrowski, Johannes |d 1917-1965 |0 (DE-588)118512161 |0 (DE-603)093003943 |2 gnd |
| 600 | 1 | 7 | |a Schulze, Ingo |d 1962- |0 (DE-588)120526107 |0 (DE-603)095001697 |2 gnd |
| 600 | 1 | 7 | |a Schulze, Ingo |d 1962- |t 33 Augenblicke des Glücks |0 (DE-588)7847793-1 |0 (DE-603)287027546 |2 gnd |
| 773 | 0 | 8 | |i In |t Zeit aus Schweigen |d München : Meidenbauer, 2009 |h 451 S., Ill., graph. Darst., Kt., Notenbeisp. |z 9783899751192 |g (2009), Seite 267-274 |w (DE-603)219917744 |
| 924 | 0 | |9 603 |a (DE-603)593369203 |b DE-603 |c HES |d d | |
| 924 | 0 | |9 2080 |a (DE-603)1206451750 |b DE-2080 |c HES |d d |g / | |


